[Event "WchT Seniors 65"]
[Site "Prague"]
[Date "2020.03.08"]
[Round "3.18"]
[White "Slechta, Karel"]
[Black "Seibold, Hubert"]
[Result "1/2-1/2"]
[WhiteElo "1860"]
[BlackElo "2123"]
[PlyCount "27"]
[EventDate "2020.03.06"]
[EventType "team-swiss"]
[EventRounds "7"]
[EventCountry "CZE"]
[SourceTitle "CBM 195 Extra"]
[Source "ChessBase"]
[SourceDate "2020.05.31"]
[SourceVersion "1"]
[SourceVersionDate "2020.05.31"]
[SourceQuality "1"]
[WhiteTeam "Czech Republic 65 VII"]
[BlackTeam "Germany 65 V"]
[WhiteTeamCountry "CZE"]
[BlackTeamCountry "GER"]

1. e4 c5 2. Nf3 g6 3. d4 cxd4 4. Qxd4 Nf6 5. e5 Nc6 6. Qc3 Nd5 7. Qb3 Nc7 8. Bc4 Ne6 9. Qe3 d5 10. exd6 Qxd6 11. Nc3 Bg7 12. 0-0 a6 13. Rd1 Qb4 14. Bd3 1/2-1/2

[Event "WchT Seniors 65"]
[Site "Dresden"]
[Date "2018.07.12"]
[Round "6.7"]
[White "Seibold, Hubert"]
[Black "Gneiss, Karl"]
[Result "1/2-1/2"]
[WhiteElo "2113"]
[BlackElo "2090"]
[PlyCount "70"]
[EventDate "2018.07.07"]
[EventType "team-swiss"]
[EventRounds "9"]
[EventCountry "GER"]
[SourceTitle "CBM 185 Extra"]
[Source "ChessBase"]
[SourceDate "2018.07.29"]
[SourceVersion "1"]
[SourceVersionDate "2018.07.29"]
[SourceQuality "1"]
[WhiteTeam "Schwaebische Franken"]
[BlackTeam "Austria"]
[WhiteTeamCountry "GER"]
[BlackTeamCountry "AUT"]

1. e4 c5 2. Nf3 g6 3. d4 cxd4 4. Nxd4 Bg7 5. c4 Nc6 6. Be3 Nf6 7. Nc3 Ng4 8. Qxg4 Nxd4 9. Qd1 Ne6 10. Rc1 d6 11. Be2 0-0 12. Qd2 Nc5 13. f3 a5 14. b3 Be6 15. 0-0 Qb6 16. Nb5 Bd7 17. Nc3 Be6 18. f4 Qb4 19. Nd5 Bxd5 20. exd5 f5 21. Rc2 Ne4 22. Qd3 a4 23. Bf3 axb3 24. Qxb3 Qxb3 25. axb3 Ra3 26. Bxe4 Rxb3 27. Bxf5 gxf5 28. Kf2 Ra8 29. Rd1 Raa3 30. Bd4 Bxd4+ 31. Rxd4 Rc3 32. Rdd2 Kf7 33. Re2 Ke8 34. g3 Kd7 35. Kg2 Re3 1/2-1/2

[Event "Mittelfranken-ch HT 67th"]
[Site "Nuremberg"]
[Date "2018.03.31"]
[Round "9"]
[White "Seibold, Hubert"]
[Black "Boehme, Markus"]
[Result "1/2-1/2"]
[WhiteElo "2133"]
[BlackElo "2045"]
[PlyCount "59"]
[EventDate "2018.03.27"]
[EventType "swiss"]
[EventRounds "9"]
[EventCountry "GER"]
[SourceTitle "EXT 2020"]
[Source "ChessBase"]
[SourceDate "2019.10.17"]
[SourceVersion "1"]
[SourceVersionDate "2019.10.17"]
[SourceQuality "1"]

1. d4 g6 2. g3 Bg7 3. Bg2 d6 4. Nf3 f5 5. c4 Nf6 6. Nc3 0-0 7. 0-0 Nc6 8. d5 Ne5 9. Qb3 Nxf3+ 10. Bxf3 e5 11. dxe6 c6 12. Rd1 Qe7 13. Bf4 Rd8 14. Qb4 Ne8 15. e4 g5 16. Bd2 f4 17. gxf4 gxf4 18. Bxf4 Qf6 19. Ne2 Bxe6 20. Bg2 a5 21. Qd2 Bxc4 22. Nc3 Qg6 23. Rac1 Nc7 24. b3 Be6 25. Bg3 Bg4 26. f3 Bh5 27. Ne2 Ne6 28. f4 Bh6 29. Rf1 Rf8 30. Rcd1 1/2-1/2

[Event "Mittelfranken-ch HT 67th"]
[Site "Nuremberg"]
[Date "2018.03.30"]
[Round "8"]
[White "Walter, Florian"]
[Black "Seibold, Hubert"]
[Result "1-0"]
[WhiteElo "2203"]
[BlackElo "2133"]
[PlyCount "125"]
[EventDate "2018.03.27"]
[EventType "swiss"]
[EventRounds "9"]
[EventCountry "GER"]
[SourceTitle "EXT 2020"]
[Source "ChessBase"]
[SourceDate "2019.10.17"]
[SourceVersion "1"]
[SourceVersionDate "2019.10.17"]
[SourceQuality "1"]

1. c4 c5 2. g3 Nc6 3. Bg2 Nf6 4. Nc3 g6 5. a3 Bg7 6. Rb1 a5 7. d3 0-0 8. Nf3 e5 9. Nd2 d6 10. Nf1 h6 11. Ne3 Ng4 12. 0-0 Nxe3 13. Bxe3 f5 14. Nd5 Kh7 15. b4 axb4 16. axb4 Nxb4 17. Nxb4 cxb4 18. Rxb4 Rf7 19. Qb3 Qa5 20. Bd5 Re7 21. Rb1 f4 22. Bb6 Qa2 23. Qxa2 Rxa2 24. c5 Rxe2 25. cxd6 Re8 26. Bxb7 Bg4 27. Bc6 Rb8 28. d7 Bf6 29. R4b2 Rxb2 30. Rxb2 Bd8 31. Bd4 Rxb2 32. Bxb2 fxg3 33. hxg3 Bf5 34. Be4 Bxd7 35. Bxe5 Be8 36. Kg2 Kg8 37. Kf3 Kf8 38. Bf4 h5 39. Bd6+ Kf7 40. Bd5+ Kf6 41. Ke4 g5 42. Be5+ Kg6 43. f4 Bd7 44. Ke3 h4 45. Be4+ Kf7 46. f5 hxg3 47. Kf3 Bf6 48. d4 Ba4 49. Kxg3 Bd1 50. Kf2 Bb3 51. Ke3 Bc4 52. Kd2 Bb5 53. Bd5+ Ke7 54. Kc3 Ba6 55. Bf3 Kf7 56. Bh5+ Ke7 57. Kb4 Bd3 58. Bg4 Kf7 59. Kc5 Ba6 60. Bxf6 Kxf6 61. d5 Bc8 62. Kc6 Kf7 63. Kc7 1-0

[Event "Mittelfranken-ch HT 67th"]
[Site "Nuremberg"]
[Date "2018.03.28"]
[Round "3"]
[White "Bildt, Maximilian"]
[Black "Seibold, Hubert"]
[Result "0-1"]
[WhiteElo "2045"]
[BlackElo "2133"]
[PlyCount "68"]
[EventDate "2018.03.27"]
[EventType "swiss"]
[EventRounds "9"]
[EventCountry "GER"]
[SourceTitle "EXT 2020"]
[Source "ChessBase"]
[SourceDate "2019.10.17"]
[SourceVersion "1"]
[SourceVersionDate "2019.10.17"]
[SourceQuality "1"]

1. e4 c5 2. Nf3 Nc6 3. d4 cxd4 4. Nxd4 Qc7 5. Nc3 e6 6. Be2 a6 7. 0-0 Nf6 8. Kh1 Bb4 9. f4 Bxc3 10. bxc3 Nxe4 11. Qd3 f5 12. Bf3 d5 13. Ba3 Nxd4 14. cxd4 Bd7 15. Bxe4 Bb5 16. Qe3 dxe4 17. Rfd1 Bc4 18. Rdb1 b5 19. Bc5 Kf7 20. Rg1 h6 21. h3 Rag8 22. d5 Bxd5 23. Bd4 Rh7 24. g4 g5 25. Be5 Qxc2 26. Rac1 Qd3 27. Rc7+ Kg6 28. gxf5+ Kh5 29. Rxh7 Qxe3 30. Kh2 exf5 31. Rg3 Qd2+ 32. Rg2 e3 33. Rxd2 exd2 34. Bf6 gxf4 0-1

[Event "GER-chT Seniors 26th"]
[Site "Templin"]
[Date "2017.09.30"]
[Round "6.16"]
[White "Gerigk, Wolf"]
[Black "Seibold, Hubert"]
[Result "0-1"]
[WhiteElo "2032"]
[BlackElo "2130"]
[PlyCount "106"]
[EventDate "2017.09.25"]
[EventType "team-swiss"]
[EventRounds "7"]
[EventCountry "GER"]
[SourceTitle "EXT 2019"]
[Source "ChessBase"]
[SourceDate "2018.10.10"]
[SourceVersion "1"]
[SourceVersionDate "2018.10.10"]
[SourceQuality "1"]
[WhiteTeam "Hamburg"]
[BlackTeam "Bayern"]
[WhiteTeamCountry "GER"]
[BlackTeamCountry "GER"]

1. Nf3 d5 2. c4 c6 3. g3 Nf6 4. Bg2 Bf5 5. 0-0 e6 6. Qb3 Qb6 7. Qxb6 axb6 8. cxd5 exd5 9. Nc3 Bd6 10. d3 0-0 11. Bg5 Nfd7 12. e4 dxe4 13. dxe4 Be6 14. Rfd1 Bc5 15. Rac1 f6 16. Bf4 Ne5 17. Rd2 Nxf3+ 18. Bxf3 Nd7 19. Be2 Ne5 20. h4 h6 21. h5 Bb4 22. a3 Be7 23. Nd1 Rfd8 24. Rxd8+ Rxd8 25. Be3 b5 26. Kf1 Kf7 27. f3 Nc4 28. Bxc4 Bxc4+ 29. Ke1 Bb3 30. Nf2 b4 31. axb4 Bxb4+ 32. Ke2 b5 33. Nd3 Bd6 34. Rxc6 Bxg3 35. Rc3 Bc4 36. f4 g6 37. hxg6+ Kxg6 38. b3 Be1 39. f5+ Kh5 40. Rxc4 bxc4 41. Nf4+ Kg4 42. bxc4 Rc8 43. Nd5 Bh4 44. c5 Bg5 45. Bd4 h5 46. Bxf6 h4 47. Bd4 h3 48. Kf2 Ra8 49. Be5 Ra2+ 50. Ke1 h2 51. Bxh2 Rxh2 52. f6 Kf3 53. Kd1 Kxe4 0-1

[Event "Mittelfranken-ch HT 66th"]
[Site "Uttenreuth"]
[Date "2017.04.12"]
[Round "3"]
[White "Seibold, Hubert"]
[Black "Erlbeck, Peter"]
[Result "1/2-1/2"]
[WhiteElo "2117"]
[BlackElo "2061"]
[PlyCount "63"]
[EventDate "2017.04.11"]
[EventType "swiss"]
[EventRounds "9"]
[EventCountry "GER"]
[SourceTitle "EXT 2020"]
[Source "ChessBase"]
[SourceDate "2019.10.17"]
[SourceVersion "1"]
[SourceVersionDate "2019.10.17"]
[SourceQuality "1"]

1. e4 c5 2. Nf3 Nc6 3. c3 Nf6 4. e5 Nd5 5. d4 cxd4 6. Bc4 Nb6 7. Bb3 d6 8. exd6 e6 9. cxd4 Bxd6 10. Nc3 Ne7 11. 0-0 Nbd5 12. Re1 0-0 13. Ne5 Nxc3 14. bxc3 Qc7 15. Bd2 b6 16. Qh5 Ng6 17. Nxg6 hxg6 18. Qh4 Be7 19. Qg4 Bf6 20. Rac1 a5 21. a4 Bd7 22. Bg5 Rac8 23. Qh4 Bxg5 24. Qxg5 Qd8 25. Qxd8 Rfxd8 26. f4 Be8 27. Kf2 Rc7 28. Ke3 b5 29. axb5 Bxb5 30. c4 Bc6 31. Ra1 Rb8 32. Bc2 1/2-1/2

[Event "Mittelfranken-ch HT 66th"]
[Site "Uttenreuth"]
[Date "2017.04.11"]
[Round "2"]
[White "Boehme, Sebastian1"]
[Black "Seibold, Hubert"]
[Result "0-1"]
[WhiteElo "2122"]
[BlackElo "2117"]
[PlyCount "112"]
[EventDate "2017.04.11"]
[EventType "swiss"]
[EventRounds "9"]
[EventCountry "GER"]
[SourceTitle "EXT 2020"]
[Source "ChessBase"]
[SourceDate "2019.10.17"]
[SourceVersion "1"]
[SourceVersionDate "2019.10.17"]
[SourceQuality "1"]

1. e4 c5 2. c3 d5 3. exd5 Qxd5 4. d4 e6 5. Nf3 Nc6 6. Na3 Nf6 7. Nb5 Qd8 8. dxc5 Bxc5 9. Qxd8+ Kxd8 10. Nbd4 Bd7 11. Be3 Nxd4 12. Nxd4 Bb6 13. Nc2 Bxe3 14. Nxe3 Bc6 15. 0-0-0+ Ke7 16. f3 Nh5 17. Nc4 Bd5 18. Ne5 Rac8 19. Kb1 Rhd8 20. c4 f6 21. cxd5 fxe5 22. d6+ Rxd6 23. Rxd6 Kxd6 24. Bd3 Nf6 25. Be4 b6 26. Rd1+ Nd5 27. b3 h6 28. Kb2 Rc5 29. Rd2 a5 30. Re2 b5 31. Rd2 b4 32. Rd3 Ke7 33. Rd2 Nc3 34. a3 Rc7 35. axb4 axb4 36. h3 Ra7 37. Bb1 Ra3 38. Bc2 Ra2+ 39. Kc1 Ra5 40. Be4 Ra1+ 41. Kb2 Nxe4 42. fxe4 Re1 43. Kc2 Rxe4 44. Rf2 Re3 45. Rf3 Rxf3 46. gxf3 Kf6 47. Kd3 Kf5 48. Ke3 g5 49. Kd3 h5 50. Ke3 e4 51. fxe4+ Ke5 52. Kd3 g4 53. hxg4 hxg4 54. Ke3 g3 55. Kf3 g2 56. Kxg2 Kxe4 0-1

[Event "Landesliga Nord 1617"]
[Site "Bayern"]
[Date "2017.02.19"]
[Round "6.6"]
[White "Seibold, Hubert"]
[Black "Ziemann, Ulrich"]
[Result "1-0"]
[WhiteElo "2042"]
[BlackElo "1803"]
[PlyCount "85"]
[EventDate "2016.10.16"]
[EventType "team-tourn"]
[EventRounds "9"]
[EventCountry "GER"]
[SourceTitle "EXT 2019"]
[Source "ChessBase"]
[SourceDate "2018.10.10"]
[SourceVersion "1"]
[SourceVersionDate "2018.10.10"]
[SourceQuality "1"]
[WhiteTeam "Zirndorf"]
[BlackTeam "Bad Koetzting"]
[WhiteTeamCountry "GER"]
[BlackTeamCountry "GER"]

1. c4 e5 2. g3 g6 3. Bg2 Bg7 4. Nc3 d6 5. e3 Ne7 6. Nge2 0-0 7. d4 c6 8. 0-0 Na6 9. b3 Nc7 10. dxe5 dxe5 11. Ba3 Qxd1 12. Raxd1 Re8 13. Ne4 Nf5 14. Rd2 Be6 15. Rfd1 a5 16. N2c3 Na6 17. Nc5 Nxc5 18. Bxc5 Bf8 19. Ne4 Bg7 20. Ng5 Bf6 21. Nxe6 Rxe6 22. Rd7 a4 23. Rxb7 axb3 24. axb3 Be7 25. Bxe7 Nxe7 26. Rdd7 Ra1+ 27. Bf1 Kf8 28. Kg2 Ra2 29. Kg1 Ra1 30. g4 f5 31. g5 e4 32. Kg2 f4 33. exf4 e3 34. fxe3 Rxe3 35. Kf2 Re4 36. Kf3 Rae1 37. Bd3 R4e3+ 38. Kf2 Re6 39. b4 Ra1 40. b5 Ra2+ 41. Kf3 cxb5 42. cxb5 Rxh2 43. Bc4 1-0

[Event "Arber op 5th"]
[Site "Bodenmais"]
[Date "2016.08.05"]
[Round "7"]
[White "Seibold, Hubert"]
[Black "Fleischer, Frank"]
[Result "1/2-1/2"]
[WhiteElo "2126"]
[BlackElo "2205"]
[PlyCount "126"]
[EventDate "2016.07.30"]
[EventType "swiss"]
[EventRounds "9"]
[EventCountry "GER"]
[SourceTitle "CBM 173 Extra"]
[Source "ChessBase"]
[SourceDate "2016.08.29"]
[SourceVersion "1"]
[SourceVersionDate "2016.08.29"]
[SourceQuality "1"]

1. Nf3 e6 2. d3 d5 3. g3 Nf6 4. Bg2 b6 5. 0-0 Bb7 6. c4 Be7 7. b3 0-0 8. Bb2 c5 9. Nbd2 Nc6 10. Ne5 Nxe5 11. Bxe5 Nd7 12. Bb2 Bf6 13. Qc2 Qc7 14. Bxf6 Nxf6 15. Qb2 Rfe8 16. Rfc1 d4 17. Bxb7 Qxb7 18. b4 Rab8 19. bxc5 bxc5 20. Qxb7 Rxb7 21. Rab1 Reb8 22. Rb3 Kf8 23. Rcb1 Rb6 24. a4 Nd7 25. Rb5 a6 26. Rxb6 Rxb6 27. Rxb6 Nxb6 28. a5 Nd7 29. Nb3 Ke7 30. Kg2 Kd6 31. h4 f5 32. f3 Nf6 33. Kf2 e5 34. e3 h6 35. Nd2 dxe3+ 36. Kxe3 g5 37. hxg5 hxg5 38. Ke2 g4 39. fxg4 Nxg4 40. Kf3 Ke6 41. Nb3 Kd6 42. Nd2 Nf6 43. Ke3 Ke6 44. Nb3 Nd7 45. Kf3 Kf6 46. Nd2 Kg5 47. Nb3 Kf6 48. Nd2 Nf8 49. Nb3 Ne6 50. Ke3 Kg5 51. Kf2 Kh5 52. Nd2 Nd4 53. Kg2 Kg5 54. Kf2 Kh5 55. Kf1 Kg4 56. Kg2 Nc2 57. Nf3 e4 58. Ne5+ Kg5 59. dxe4 fxe4 60. Nd7 Ne3+ 61. Kf2 Nxc4 62. Nxc5 Kf5 63. Nxa6 Nxa5 1/2-1/2

[Event "Arber op 5th"]
[Site "Bodenmais"]
[Date "2016.07.31"]
[Round "2"]
[White "Seibold, Hubert"]
[Black "Schleime, Franz Josef"]
[Result "1-0"]
[WhiteElo "2126"]
[BlackElo "1723"]
[PlyCount "75"]
[EventDate "2016.07.30"]
[EventType "swiss"]
[EventRounds "9"]
[EventCountry "GER"]
[SourceTitle "CBM 173 Extra"]
[Source "ChessBase"]
[SourceDate "2016.08.29"]
[SourceVersion "1"]
[SourceVersionDate "2016.08.29"]
[SourceQuality "1"]

1. Nf3 Nf6 2. d4 e6 3. g3 b6 4. Bg2 Bb7 5. 0-0 c5 6. e3 Be7 7. c4 Qc7 8. b3 d5 9. cxd5 exd5 10. Bb2 cxd4 11. Nxd4 0-0 12. Nf5 Ba6 13. Nxe7+ Qxe7 14. Ba3 Qd8 15. Bxf8 Bxf1 16. Kxf1 Kxf8 17. Nc3 Nbd7 18. Nxd5 Nxd5 19. Qxd5 Rc8 20. Rd1 Ke8 21. Bh3 Rc7 22. Rd4 g6 23. e4 Qe7 24. Qa8+ Qd8 25. Qxd8+ Kxd8 26. Ke2 Ke7 27. Bxd7 Rxd7 28. Rxd7+ Kxd7 29. Kd3 Ke6 30. f4 f6 31. Kc4 a6 32. Kd4 h6 33. a4 b5 34. axb5 axb5 35. b4 g5 36. e5 fxe5+ 37. fxe5 Ke7 38. g4 1-0

[Event "Arber op 5th"]
[Site "Bodenmais"]
[Date "2016.07.30"]
[Round "1"]
[White "Fuchs, Florian1"]
[Black "Seibold, Hubert"]
[Result "0-1"]
[WhiteElo "1724"]
[BlackElo "2126"]
[PlyCount "108"]
[EventDate "2016.07.30"]
[EventType "swiss"]
[EventRounds "9"]
[EventCountry "GER"]
[SourceTitle "CBM 173 Extra"]
[Source "ChessBase"]
[SourceDate "2016.08.29"]
[SourceVersion "1"]
[SourceVersionDate "2016.08.29"]
[SourceQuality "1"]

1. e4 c5 2. Nf3 e6 3. d4 cxd4 4. Nxd4 a6 5. c4 Qc7 6. Be3 Nf6 7. f3 Nc6 8. Nc3 d6 9. Qd2 Be7 10. Be2 b6 11. Rc1 Ne5 12. 0-0 Bb7 13. a3 Rc8 14. b4 0-0 15. Rfd1 Qd7 16. Nb3 Nxc4 17. Bxc4 Rxc4 18. Bxb6 Rcc8 19. Nd4 Ba8 20. Nde2 Qb7 21. Bd4 Rfd8 22. Ng3 h6 23. Qe1 Rc4 24. Kh1 Rdc8 25. Na4 Rxc1 26. Rxc1 Rxc1 27. Qxc1 Qc6 28. Qxc6 Bxc6 29. Nc3 d5 30. e5 Nd7 31. f4 f5 32. Nge2 Kf7 33. g3 g5 34. Kg2 Nb8 35. Kf3 Bd7 36. g4 fxg4+ 37. Kxg4 Kg6 38. Be3 h5+ 39. Kg3 Nc6 40. Nd4 gxf4+ 41. Kxf4 Bg5+ 42. Kf3 Nxe5+ 43. Ke2 Bxe3 44. Kxe3 Nc4+ 45. Kf4 e5+ 46. Kf3 Bg4+ 47. Kf2 exd4 48. Nxd5 Nxa3 49. Nc7 Nc2 50. Nxa6 d3 51. b5 d2 52. b6 d1Q 53. b7 Qe1+ 54. Kg2 Ne3# 0-1

[Event "Mittelfranken-ch HT"]
[Site "Nuremberg"]
[Date "2016.03.23"]
[Round "4"]
[White "Erlbeck, Peter"]
[Black "Seibold, Hubert"]
[Result "1-0"]
[WhiteElo "2056"]
[BlackElo "2165"]
[PlyCount "99"]
[EventDate "2016.03.22"]
[EventType "swiss"]
[EventRounds "9"]
[EventCountry "GER"]
[SourceTitle "EXT 2018"]
[Source "ChessBase"]
[SourceDate "2017.10.13"]
[SourceVersion "1"]
[SourceVersionDate "2017.10.13"]
[SourceQuality "1"]

1. e4 c5 2. Nc3 Nc6 3. f4 g6 4. Nf3 Bg7 5. Bc4 e6 6. f5 Nge7 7. fxe6 dxe6 8. d3 Ne5 9. Nxe5 Bxe5 10. Be3 b6 11. Qf3 Nc6 12. 0-0 0-0 13. Qf2 Bg7 14. Rad1 Bb7 15. Ne2 Ne5 16. Bf4 Qd7 17. Bb3 Nc6 18. c3 Na5 19. Bc2 e5 20. Bc1 Rac8 21. Ng3 Rc7 22. Bg5 f6 23. Bc1 Kh8 24. h4 h5 25. Qe2 Qg4 26. Qxg4 hxg4 27. h5 Kh7 28. hxg6+ Kxg6 29. Nf5 Bc8 30. Rde1 Rh8 31. Bd1 c4 32. dxc4 Nxc4 33. Bxg4 Bf8 34. Bh3 Bc5+ 35. Kh2 a5 36. Rf3 Bxf5 37. Rxf5 Nd6 38. Rf3 Nf7 39. Ref1 Be7 40. Rg3+ Ng5 41. Rf5 Rd8 42. Bxg5 fxg5 43. Rxe5 Rd2 44. Re6+ Kg7 45. Bf5 Rxb2 46. Rh3 Rd2 47. e5 Re2 48. Rg6+ Kf8 49. Rh8+ Kf7 50. e6+ 1-0

[Event "Mittelfranken-ch HT"]
[Site "Nuremberg"]
[Date "2016.03.22"]
[Round "1"]
[White "Seibold, Hubert"]
[Black "Rausch, Wolfgang1"]
[Result "1-0"]
[WhiteElo "2165"]
[BlackElo "1862"]
[PlyCount "63"]
[EventDate "2016.03.22"]
[EventType "swiss"]
[EventRounds "9"]
[EventCountry "GER"]
[SourceTitle "EXT 2018"]
[Source "ChessBase"]
[SourceDate "2017.10.13"]
[SourceVersion "1"]
[SourceVersionDate "2017.10.13"]
[SourceQuality "1"]

1. c4 c6 2. Nf3 d5 3. d4 Nf6 4. Bf4 e6 5. e3 Be7 6. Nc3 0-0 7. Qc2 Nbd7 8. h3 Re8 9. Bd3 h6 10. g4 dxc4 11. Bxc4 Nd5 12. Bg3 Nf8 13. e4 Nb4 14. Qe2 Bd6 15. e5 Be7 16. h4 c5 17. 0-0-0 cxd4 18. Nxd4 Qc7 19. Kb1 a6 20. Ne4 Rd8 21. g5 h5 22. a3 Nc6 23. Nxc6 Qxc6 24. Nf6+ Bxf6 25. gxf6 Bd7 26. fxg7 Kxg7 27. Bf4 Be8 28. Bg5 Rxd1+ 29. Rxd1 Rc8 30. Bf6+ Kg8 31. Rg1+ Ng6 32. Qxh5 1-0

[Event "Regionalliga NO 1516"]
[Site "Bayern"]
[Date "2016.02.21"]
[Round "7.4"]
[White "Seibold, Hubert"]
[Black "Simon, Guenther"]
[Result "0-1"]
[WhiteElo "2034"]
[BlackElo "1884"]
[PlyCount "70"]
[EventDate "2015.10.11"]
[EventType "team-tourn"]
[EventRounds "9"]
[EventCountry "GER"]
[SourceTitle "EXT 2018"]
[Source "ChessBase"]
[SourceDate "2017.10.13"]
[SourceVersion "1"]
[SourceVersionDate "2017.10.13"]
[SourceQuality "1"]
[WhiteTeam "Zirndorf"]
[BlackTeam "Regensburg Turnerschaft"]
[WhiteTeamCountry "GER"]
[BlackTeamCountry "GER"]

1. e4 e6 2. d3 c5 3. g3 Nc6 4. Bg2 g6 5. Nc3 Bg7 6. Be3 d6 7. Qd2 a6 8. f4 Nge7 9. Nf3 Nd4 10. Nd1 Qc7 11. 0-0 Nxf3+ 12. Bxf3 Bd7 13. c3 Rc8 14. Rc1 0-0 15. g4 f5 16. Qg2 b5 17. Nf2 Bc6 18. h4 Qb7 19. Nh3 c4 20. exf5 exf5 21. dxc4 bxc4 22. Bxc6 Qxc6 23. Rcd1 Qxg2+ 24. Kxg2 fxg4 25. Ng5 Nf5 26. Bf2 Rfe8 27. Rfe1 Rb8 28. Ne4 Rxb2 29. Nf6+ Bxf6 30. Rxe8+ Kf7 31. Rc8 Rxa2 32. Rc7+ Be7 33. Kg1 g3 34. Bd4 Nxh4 35. Rf1 g2 0-1